000 00741nam a2200181Ia 4500
008 100921s9999 xx 000 0 und d
082 _b27253
_a340 थ 88
100 _aगोडबोले अरूण.
245 _aप्राप्तीकर कायदा सर्व्हे व धाडी.
260 _bकौशिक प्रकाशन, सातारा.
_c1988
300 _a113
_b---
365 _b45
520 _aस.शा.-कायदा.
630 _aप्राप्तीकर कायदा सर्व्हे व धाडी.
650 _aस.शा.-कायदा.
730 _aप्राप्तीकर कायदा सर्व्हे व धाडी.
942 _cBOOK
999 _c776366
_d776363